Los derechos de las mujeres: Conferencia Internacional sobre población y desarrollo en El Cairo /

Gardado en:
Detalles Bibliográficos
Autor Principal: Ré, María Cecilia
Formato: Texto
Materias:
Etiquetas: Engadir etiqueta
Sen Etiquetas, Sexa o primeiro en etiquetar este rexistro!

MARC

LEADER 00000 a a2200000 04500
001 4852
003
040
100 |a Ré, María Cecilia  
245 |a Los derechos de las mujeres:   |b Conferencia Internacional sobre población y desarrollo en El Cairo /  |c María Cecilia Ré 
650 |a DERECHOS DE LA MUJER  
650 |a DESARROLLO HUMANO  
650 |a GENERO  
650 |a POLITICA DE POBLACION  
773 |g volumen 1, número 2; páginas 26-30  
999 |c 22284  |d 22284